Sigmund Freud's Christian unconscious /

Bibliographic Details
Main Author: Vitz, Paul C., 1935-
Format: Book
Language:English
Published: New York : Guilford Press, [1988]
Subjects:

MARC

Tag First Indicator Second Indicator Subfields
LEADER 00000cam a2200000 a 4500
001 in00000016623
005 20151007052823.0
008 860211s1988 nyua b 00110beng
010 |a  86003116  
020 |a 0898626730 
035 |a (OCoLC)13216412 
035 |9 AAA9316AM 
040 |a DLC  |c DLC  |d TXA  |d UtOrBLW 
049 |a TXAM  |c [A11490427] 
050 0 0 |a BF173.F85  |b V57 1988 
082 0 |a 150.19/52  |a B  |2 19 
100 1 |a Vitz, Paul C.,  |d 1935- 
245 1 0 |a Sigmund Freud's Christian unconscious /  |c Paul C. Vitz. 
264 1 |a New York :  |b Guilford Press,  |c [1988] 
264 4 |c ©1988 
300 |a xv, 287 pages :  |b illustrations ;  |c 24 cm. 
336 |a text  |b txt  |2 rdacontent 
337 |a unmediated  |b n  |2 rdamedia 
338 |a volume  |b nc  |2 rdacarrier 
504 |a Bibliography: pages 261-273. 
500 |a Includes index. 
600 1 0 |a Freud, Sigmund,  |d 1856-1939  |x Religion. 
600 1 0 |a Freud, Sigmund,  |d 1856-1939  |x Psychology. 
600 1 0 |a Freud, Sigmund,  |d 1856-1939  |x Views on religion. 
650 0 |a Psychoanalysis and religion. 
999 |a MARS 
999 f f |s fb207869-42f7-350a-ab43-95cbf3b48666  |i e765e8a7-251d-32be-9064-914ae96320e2  |t 0 
952 f f |p ric  |a Texas A&M University  |b Rellis Campus  |c Joint Library Facility  |d Remote Storage  |t 0  |e BF173.F85 V57 1988  |h Library of Congress classification  |i unmediated -- volume  |m A14811490427 
998 f f |a BF173.F85 V57 1988  |t 0  |l Remote Storage